Регионална библиотека "Любен Каравелов" - Русе

Двадцать четыре прелюдии (Запис номер 518766)

MARC детайли
000 -Лидер
Лидер 01921njm a2200277 a 4500
003 - Код на организацията, давaща контролен номер
Код на организацията, даваща контролен номер BLK
005 - Дата и час на последна редакция
Дата и час на последна редакция 20241008114532.0
007 - Фиксирано поле за физическо описани
Физическо описание sd asmalaaahaa
008 - Елементи от данни с фиксирана дължина
Елементи с фиксирана дължина 221104b bu |||||s|||| 00| | bu d
028 ## - PUBLISHER NUMBER
Издателски номер ЗЗД 027245-46
040 ## - Източник на каталожния запис
Код на библиотеката BLK
041 ## - Код за език
Език на записа Руски
Език за КДБФ Руски
080 ## - УДК
УДК текст Пиано. Вариации, прелюдии, фуги, увертюри, интермеци, интерлюдии
УДК код 786.2.083.2
УДК – определител (086.72)
УДК – код + определител 786.2.083.2(086.72)
100 ## - Редна дума - Автор
R(LIN) 1299
Автор Шопен, Фредерик
Години, свързани с автора 1810 - 1849
Авторска отговорност първи автор
Пълна форма на името Шопен, Фредерик Франсоа
245 ## - Сведения за заглавието
Заглавие Двадцать четыре прелюдии
Авторска отговорност Фредерик Шопен; Нелли Акопян - пиано
260 ## - Област на издателските данни
9 (RLIN) 210743
Място на издаване Москва
Име на издателя Мелодия
Година на издаване 1970
300 ## - Физическа характеристика
Брой страници 1 грамофонна плоча
Илюстрации 33 об/мин., стерео
Размер 30 см
380 ## - Жанр
Жанр Изкуство
500 ## - Общи забележки
Обща забележка Сторона 1:<br/>24 прелюдии, соч. 28<br/>1. до мажор<br/>2. ля минор<br/>3. соль мажор<br/>4. ми минор<br/>5. ре мажор<br/>6. си минор<br/>7. ля мажор<br/>8. фа диез минор<br/>9. ми мажор<br/>10. до диез минор<br/>11. си мажор<br/>12. соль диез минор<br/>13. фа диез мажор<br/>14. ми бемоль минор<br/><br/>Сторона 2:<br/>24 прелюдии, соч. 28 (окончание)<br/>15. ре бемоль мажор<br/>16. си бемоль минор<br/>17. ля бемоль мажор<br/>18. фа минор<br/>19. ми бемоль мажор<br/>20. до минор<br/>21. си бемоль мажор<br/>22. соль минор<br/>23. фа мажор<br/>24. ре минор
653 ## - Ключова дума – ненормативна
9 (RLIN) 188627
Ключови думи клавирна музика
700 ## - Други автори (авторска отговорност)
9 (RLIN) 824
Друг автор Акопян, Нелли
Авт. отговорност на др. автор пиано
852 ## - Местоположение
Сигнатура (форматна) Ф ІІ 2257
Отдел Хранилище
856 ## - Електронен адрес и достъп
Инструкция (цена за достъп) 0.00
Права за достъп disable
942 ## - АРТИКУЛИ
Вид на библиотечния документ Грамофонни плочи
Скрит в OPAC Не
944 ## - СЪЗДАВАНЕ И РЕДАКЦИЯ на ЗАПИСА
Дата на регистрацията/редакция Христина Везирева
Служител, извършил регистрацията/редакцията 30535
Статус, дата на статуса Христина Везирева
Създаване/Редакция
999 ## - СИСТЕМНИ КОНТРОЛНИ НОМЕРА
Koha biblionumber 518766
Koha biblioitemnumber 518766
Наличности
Код за отписване Код за изгубен артикул Източник на класификационната схема Код за повреда Код за отдаване Артикулен № Име на библиотеката - собственик Име на библиотеката, в която се намира в момента Статус (Текущо местоположение) Дата на вписване в системата Местоположение - отдел Цена в лева Инвентарен номер Систематично азбучна сигнатура Баркод Цена в евро Служебен тип на артикула
  Не е изгубен Universal Decimal Classification Не е повреден ползва се в читалня 951133 Регионална библиотека "Любен Каравелов" Русе Регионална библиотека "Любен Каравелов" Русе Хранилище 2024-10-08 Хранилище 3.00 7561 Ф ІІ 2257 900000108131 1.53 Грамофонни плочи
Vip Innovations Ltd, Rousse, Bulgaria 2025